| 000 | 00631nam a2200205Ia 4500 | ||
|---|---|---|---|
| 001 | 15412 | ||
| 003 | GE_BSU | ||
| 008 | 181216s||||||||xx |||||||||||||| ||und|| | ||
| 040 | _cGE_BSU | ||
| 080 | _a821.353.1-32 | ||
| 100 | _aჩიქოვანი,გრიგოლ | ||
| 245 | _aნოველები და მოთხრობები | ||
| 245 | _cრედ.დ.ბენაშვილი | ||
| 260 | _aთბილისი | ||
| 260 | _bკომუნისტი | ||
| 260 | _c1946 | ||
| 300 | _a164გვ;21სმ; | ||
| 653 | _aნოველები და მოთხრობები | ||
| 942 | _cBK | ||
| 999 |
_c48515 _d48515 |
||